| 000 | 00818cam a22002414a 4500 | ||
|---|---|---|---|
| 001 | 15223400 | ||
| 005 | 20241112095344.0 | ||
| 008 | 080318s2009 caua b 001 0 eng | ||
| 020 | _a9781412957021 (pbk.) | ||
| 020 | _a1412957028 (pbk.) | ||
| 050 | 0 | 0 |
_aT58.64 _b.A985 2009 |
| 082 | 0 | 0 |
_a004.068/4 _222 |
| 100 | 1 | _aAvison, D. E. | |
| 245 | 1 | 0 |
_aInformation systems project management / _cDavid Avison, Gholamreza Torkzadeh. |
| 260 |
_aLos Angeles : _bSAGE, _cc2009. |
||
| 300 |
_axvi, 480 p. : _bill. (some col.) ; _c24 cm. |
||
| 650 | 0 | _aInformation resources management. | |
| 650 | 0 |
_aInformation technology _xManagement. |
|
| 650 | 0 | _aProject management. | |
| 700 | 1 | _aTorkzadeh, Gholamreza. | |
| 856 | 4 | 1 |
_3Table of contents only _uhttp://www.loc.gov/catdir/toc/ecip0813/2008011837.html |
| 942 |
_2lcc _cBK _n0 |
||
| 999 |
_c1048 _d1048 |
||